| 000 | 00569nam a2200181 4500 | ||
|---|---|---|---|
| 999 |
_c171533 _d171533 |
||
| 005 | 20200115112006.0 | ||
| 010 | _aENG-127376 | ||
| 020 |
_a9788181523839 _c1350.00 |
||
| 035 | _aEN-110908 | ||
| 037 | _bDBAD/PUB | ||
| 082 | _a384 | ||
| 100 | _aCopra,Niti | ||
| 245 |
_aCommunications Primer : _cby Niti Chopra _b a collation of fundamentalas/ |
||
| 260 |
_aJaipur _bBook Enclave _c2016 |
||
| 270 |
_aF-11,S.S Tower Dhamani Street,Chaura Rasta _bJaipur _e302003 _mBookenclave@yahoo.com |
||
| 300 |
_aVi;198p. _c23cm(Hb) |
||
| 942 |
_2ddc _cEN _h384 _mCHO |
||